[Event "Rail 6 countries 24th"]
[Site "Bad Salzuflen"]
[Date "2013.06.30"]
[Round "5.5"]
[White "Jones, H Trevor"]
[Black "Winkelhoefer, Ladislav"]
[Result "1/2-1/2"]
[WhiteElo "1816"]
[BlackElo "2103"]
[PlyCount "52"]
[EventDate "2013.06.28"]
[EventType "team-tourn"]
[EventRounds "5"]
[EventCountry "GER"]
[SourceTitle "EXT 2014"]
[Source "ChessBase"]
[SourceDate "2013.11.20"]
[SourceVersion "1"]
[SourceVersionDate "2013.11.20"]
[SourceQuality "1"]
[WhiteTeam "England"]
[BlackTeam "Czech Republic"]
[WhiteTeamCountry "ENG"]
[BlackTeamCountry "CZE"]

1. c4 Nf6 2. Nc3 g6 3. e4 e5 4. g3 Bg7 5. Bg2 0-0 6. Nge2 d6 7. d4 Nc6 8. d5 Ne7 9. 0-0 Ng4 10. h3 Nh6 11. Be3 f5 12. Qd2 Nf7 13. f4 fxe4 14. Nxe4 Nf5 15. Bf2 Bd7 16. c5 Bb5 17. N4c3 Ba6 18. Rfe1 Re8 19. c6 b6 20. Rab1 Qe7 21. b3 Bc8 22. Rbd1 g5 23. g4 Nh4 24. Bxh4 gxh4 25. Qd3 exf4 26. Nxf4 Be5 1/2-1/2

[Event "BCF-chT4 0506 (4NCL)"]
[Site "West Bromwich"]
[Date "2006.05.28"]
[Round "10.3"]
[White "Wrench, John"]
[Black "Jones, H Trevor"]
[Result "1/2-1/2"]
[WhiteElo "2050"]
[BlackElo "1930"]
[PlyCount "113"]
[EventDate "2005.11.05"]
[EventType "team"]
[EventRounds "11"]
[EventCountry "ENG"]
[SourceTitle "CBM 109 Extra"]
[Source "ChessBase"]
[SourceDate "2006.01.03"]
[SourceVersion "2"]
[SourceVersionDate "2006.01.03"]
[SourceQuality "1"]
[WhiteTeam "Celtic Tigers"]
[BlackTeam "Guildford V"]
[WhiteTeamCountry "ENG"]
[BlackTeamCountry "ENG"]

1. e4 c6 2. Nc3 d5 3. Nf3 Bg4 4. h3 Bxf3 5. Qxf3 e6 6. d3 Bb4 7. exd5 cxd5 8. Qg4 Bxc3+ 9. bxc3 Qf6 10. d4 Nc6 11. Bg5 Qf5 12. Qxf5 exf5 13. Bd3 h6 14. Bd2 Nge7 15. Rb1 0-0-0 16. 0-0 g5 17. f4 g4 18. h4 h5 19. g3 Kb8 20. Rfe1 Ka8 21. Re3 Nc8 22. Bxf5 Nd6 23. Bd3 f5 24. Re6 Ne4 25. Be1 Rde8 26. Rxe8+ Rxe8 27. Kf1 a6 28. Bxe4 Rxe4 29. Bf2 Kb8 30. c4 Nxd4 31. cxd5 Nxc2 32. d6 Ne3+ 33. Kg1 Kc8 34. d7+ Kxd7 35. Rxb7+ Kc6 36. Rh7 Nd5 37. Rxh5 Ne7 38. Rh6+ Kb5 39. Rb6+ Ka5 40. Rb2 Ka4 41. Bc5 Nd5 42. Kf2 Nc3 43. Rd2 Re6 44. Rd4+ Kb5 45. Bf8 Re2+ 46. Kf1 Rxa2 47. Rb4+ Ka5 48. Rb7 Ne4 49. Bb4+ Ka4 50. Be1 Ra1 51. Rb4+ Ka3 52. Rb6 Nxg3+ 53. Kg2 Rxe1 54. Rxa6+ Kb4 55. Kxg3 Re3+ 56. Kg2 Re2+ 57. Kg3 1/2-1/2

[Event "Civil Service Major op"]
[Site "London"]
[Date "2005.11.06"]
[Round "5"]
[White "Livesey, R Nigel"]
[Black "Jones, H Trevor"]
[Result "1-0"]
[WhiteElo "1704"]
[BlackElo "1688"]
[PlyCount "36"]
[EventDate "2005.11.05"]
[EventType "swiss"]
[EventRounds "5"]
[EventCountry "ENG"]
[SourceTitle "EXT 2007"]
[Source "ChessBase"]
[SourceDate "2006.11.23"]
[SourceVersion "1"]
[SourceVersionDate "2006.11.23"]
[SourceQuality "1"]

1. c4 e5 2. g3 Nc6 3. Bg2 d6 4. Nc3 f5 5. d3 Nf6 6. e3 g6 7. Nge2 Bg7 8. 0-0 0-0 9. Rb1 a5 10. Nd5 Nxd5 11. cxd5 Ne7 12. Bd2 g5 13. f4 g4 14. Qb3 h5 15. fxe5 Bxe5 16. Bc3 Ng6 17. Bxe5 Nxe5 18. Nf4 Qf6 1-0

[Event "BCF-chT3 0304 (4NCL)"]
[Site "West Bromwich"]
[Date "2004.05.29"]
[Round "7.7"]
[White "Tunks, Dominic"]
[Black "Jones, H Trevor"]
[Result "1-0"]
[WhiteElo "2024"]
[BlackElo "1776"]
[PlyCount "101"]
[EventDate "2003.11.23"]
[EventType "team"]
[EventRounds "11"]
[EventCountry "ENG"]
[SourceTitle "EXT 2005"]
[Source "ChessBase"]
[SourceDate "2004.11.15"]
[SourceVersion "1"]
[SourceVersionDate "2004.11.15"]
[SourceQuality "1"]
[WhiteTeam "Wessex II"]
[BlackTeam "Guildford III"]
[WhiteTeamCountry "ENG"]
[BlackTeamCountry "ENG"]

1. e4 c6 2. d4 d5 3. e5 Bf5 4. Nc3 e6 5. g4 Bg6 6. Nge2 h6 7. Be3 Nd7 8. Qd2 Qa5 9. 0-0-0 0-0-0 10. Kb1 Nb6 11. Nf4 Nc4 12. Bxc4 dxc4 13. Nxg6 fxg6 14. Qe2 b5 15. Ne4 Be7 16. h4 b4 17. Qxc4 Qd5 18. Qxd5 Rxd5 19. Ng3 c5 20. dxc5 Rxe5 21. c6 Bc5 22. Bxc5 Rxc5 23. Rd7 Nf6 24. Rxa7 Rd8 25. g5 hxg5 26. hxg5 Rxg5 27. c7 Re8 28. Rh4 Rc5 29. Rxb4 Rxc7 30. Rxc7+ Kxc7 31. Rc4+ Kb6 32. a4 Nd5 33. c3 Rf8 34. Ne4 Rf4 35. Kc2 Nf6 36. Kd3 Nxe4 37. Rxe4 Rxf2 38. Rxe6+ Ka5 39. b4+ Kxa4 40. Rxg6 Rf7 41. Rg5 Kb3 42. Rc5 g5 43. b5 g4 44. b6 g3 45. Rb5+ Ka4 46. Rb4+ Ka5 47. b7 Rf3+ 48. Kc2 Rf2+ 49. Kb3 g2 50. b8Q g1Q 51. Qa8# 1-0

[Event "BCF-chT3 0102 (4NCL)"]
[Site "Birmingham"]
[Date "2001.09.22"]
[Round "1.7"]
[White "Williamson, Kevin J"]
[Black "Jones, H Trevor"]
[Result "1-0"]
[WhiteElo "1864"]
[BlackElo "1824"]
[PlyCount "145"]
[EventDate "2001.09.??"]
[EventType "team"]
[EventRounds "11"]
[EventCountry "ENG"]
[SourceTitle "EXT 2003"]
[Source "ChessBase"]
[SourceDate "2002.11.25"]
[SourceVersion "1"]
[SourceVersionDate "2002.11.25"]
[SourceQuality "1"]
[WhiteTeam "Milton Keynes"]
[BlackTeam "Guildford III"]
[WhiteTeamCountry "ENG"]
[BlackTeamCountry "ENG"]

1. d4 Nf6 2. Nc3 e6 3. e4 Bb4 4. Bd3 h6 5. Nf3 b6 6. Bd2 Bb7 7. Qe2 Qe7 8. a3 Bxc3 9. Bxc3 d6 10. b3 Nbd7 11. Bb2 0-0 12. 0-0 e5 13. dxe5 Nxe5 14. Nxe5 dxe5 15. c4 Nd7 16. b4 Rfe8 17. Rfd1 Nf8 18. Rd2 Rad8 19. Rad1 Bc8 20. Bc2 Rxd2 21. Qxd2 Qg5 22. Qxg5 hxg5 23. Ba4 Re7 24. Rd8 Bd7 25. b5 a5 26. Bc1 f6 27. Be3 Re8 28. Rxe8 Bxe8 29. c5 bxc5 30. Bxc5 Nd7 31. Bb3+ Bf7 32. Bxf7+ Kxf7 33. Be3 Nb6 34. Kf1 Nc4 35. a4 Nb2 36. Bd2 Nxa4 37. Bxa5 Nb6 38. Ke2 Ke6 39. Kd3 g6 40. f3 f5 41. g4 fxg4 42. fxg4 Kd6 43. Bb4+ Kd7 44. Bd2 Nc8 45. Kc4 Nd6+ 46. Kd5 Nxb5 47. Kxe5 Nd6 48. Bb4 Nc4+ 49. Kf6 Ne3 50. Kxg5 Ke6 51. Bc3 c5 52. h4 c4 53. Bd4 Nc2 54. Bc5 Kf7 55. e5 Ne1 56. e6+ Kxe6 57. Kxg6 Nf3 58. h5 Ne5+ 59. Kg5 Nf7+ 60. Kf4 c3 61. Be3 c2 62. Ke4 Kf6 63. Bc1 Kg7 64. g5 Nd6+ 65. Kd3 Nf5 66. Kxc2 Ng3 67. h6+ Kg6 68. Kd3 Nf5 69. Ke4 Nd6+ 70. Ke5 Nf7+ 71. Ke6 Nh8 72. Ke7 Nf7 73. Kf8 1-0